000 00658nam a2200205Ia 4500
001 9377
003 GE_BSU
008 181216s||||||||xx |||||||||||||| ||und||
040 _cGE_BSU
080 _a821.353.1–1+821.353.1-11
100 _aმამფორია,ოთარ
245 _aლექსები,პოემა
245 _cრედ.ალ.გომიაშვილი,მხატვ.დ.დუნდუა
260 _aთბილისი
260 _bსაბჭოთა საქართველო
260 _c1975
300 _a462გვ.17სმ.
653 _aლექსები,პოემა
942 _cBK
999 _c42673
_d42673